00306nam a2200109Ia 4500008004100000020001800041041000800059100001500067245007100082260003500153300000800188230724s1989 xx und d a9780000000000 aeng aMUMFORD L. aTHE CITY IN HISTORY, ITS ORIGINS ITS TRANSFORMATION AND PROSPECTS. bHARCOURT PRIVATE LIMITEDc1989 a657